000 00212nam a2200097Ia 4500
008 240331s9999 xx 000 0 und d
082 _bJAY
100 _aJayatilaka,R
245 0 _aWomen migrant workers
942 _cL
999 _c3605
_d3605